[Event "Lugano op"]
[Site "Lugano"]
[Date "2023.12.09"]
[Round "3"]
[White "Cervelli, Eduard"]
[Black "Zinnai, Graziano Matteo"]
[Result "1-0"]
[WhiteElo "1781"]
[BlackElo "2067"]
[PlyCount "121"]
[EventDate "2023.12.09"]
[EventType "swiss"]
[EventRounds "5"]
[EventCountry "SUI"]
[SourceTitle "CB51_2023"]
[SourceDate "2023.12.20"]
[SourceVersion "1"]
[SourceVersionDate "2023.12.20"]
[SourceQuality "1"]

1. e4 c6 2. d3 d5 3. Nd2 e5 4. Ngf3 Bd6 5. g3 Nd7 6. Bg2 Ngf6 7. 0-0 0-0 8. Re1 Qc7 9. Nh4 Re8 10. Nf5 Bf8 11. Nb3 a5 12. a4 Nc5 13. Nxc5 Bxc5 14. Bg5 Bxf5 15. Bxf6 Be6 16. exd5 Bxd5 17. Qg4 Bf8 18. Bg5 Re6 19. Be3 Bxg2 20. Kxg2 g6 21. f4 f5 22. Qh4 e4 23. Bd4 Qd7 24. Bc3 Rae8 25. dxe4 fxe4 26. Rad1 Qf7 27. Qg4 b6 28. Be5 Qf5 29. Qxf5 gxf5 30. Rd7 R6e7 31. Red1 Rxd7 32. Rxd7 Re7 33. Rd8 Kf7 34. Kf2 Re6 35. Ra8 Re7 36. Rd8 Re8 37. Rd7+ Kg6 38. Bd4 b5 39. Ra7 c5 40. Be3 bxa4 41. Rxa5 Rb8 42. Bc1 Bg7 43. c3 Rd8 44. Ke2 Bf8 45. Rxa4 Kh5 46. h3 Rd3 47. Be3 Rd7 48. Ra8 Be7 49. Rg8 Rb7 50. g4+ fxg4 51. hxg4+ Kh4 52. Bc1 Kg3 53. Ke3 Bd6 54. Kxe4 Re7+ 55. Kd5 Bc7 56. f5 Re1 57. Bg5 Rb1 58. Be7 Rxb2 59. f6 Kf2 60. Ke6 Re2+ 61. Kd7 1-0

[Event "Mendrisio op"]
[Site "Mendrisio"]
[Date "2022.09.11"]
[Round "5"]
[White "Zinnai, Graziano Matteo"]
[Black "Patuzzo, Fabrizio"]
[Result "0-1"]
[WhiteElo "2082"]
[BlackElo "2298"]
[PlyCount "54"]
[EventDate "2022.09.09"]
[EventType "swiss"]
[EventRounds "5"]
[EventCountry "SUI"]
[SourceTitle "EXT 2023"]
[Source "ChessBase"]
[SourceDate "2022.10.05"]
[SourceVersion "1"]
[SourceVersionDate "2022.10.05"]
[SourceQuality "1"]

1. d4 d5 2. c4 c6 3. Nf3 Nf6 4. Nc3 a6 5. c5 g6 6. Bf4 Nh5 7. Be3 Bg7 8. Qd2 Nd7 9. b4 0-0 10. Bh6 e5 11. Bxg7 Nxg7 12. dxe5 a5 13. g4 axb4 14. Qh6 f6 15. h4 Nxe5 16. Nxe5 fxe5 17. Nd1 b3 18. a4 Rf4 19. f3 Bxg4 20. Kf2 Qf8 21. Qg5 e4 22. Ne3 Ne6 23. Qe5 Rxf3+ 24. exf3 Qxf3+ 25. Kg1 Qxe3+ 26. Kh2 Qf2+ 27. Bg2 Nf4 0-1

[Event "Mendrisio op"]
[Site "Mendrisio"]
[Date "2022.09.10"]
[Round "3"]
[White "Zinnai, Graziano Matteo"]
[Black "Medici, Simone"]
[Result "0-1"]
[WhiteElo "2082"]
[BlackElo "2193"]
[PlyCount "76"]
[EventDate "2022.09.09"]
[EventType "swiss"]
[EventRounds "5"]
[EventCountry "SUI"]
[SourceTitle "EXT 2023"]
[Source "ChessBase"]
[SourceDate "2022.10.05"]
[SourceVersion "1"]
[SourceVersionDate "2022.10.05"]
[SourceQuality "1"]

1. d4 d6 2. c4 Nf6 3. Nc3 Nbd7 4. e4 e5 5. d5 Nc5 6. f3 a5 7. Be3 Be7 8. Nge2 Nh5 9. Qd2 h6 10. g4 Bh4+ 11. Kd1 Nf6 12. Kc2 Nh7 13. Bg2 Bg5 14. b3 Bd7 15. a3 a4 16. Nc1 axb3+ 17. Nxb3 Ba4 18. Nxa4 Rxa4 19. Bf1 b6 20. Nxc5 bxc5 21. Be2 Qa8 22. h4 Bxe3 23. Qxe3 0-0 24. Rhb1 Qa6 25. Qc3 Ra8 26. Rb3 Nf8 27. Kb2 Nd7 28. Rb5 Nb6 29. Qb3 Qc8 30. Kc3 Qd8 31. Kd2 Qxh4 32. f4 Qf2 33. Ra2 Nxc4+ 34. Kd1 Qg1+ 35. Kc2 Nxa3+ 36. Rxa3 Rxa3 37. Rb8+ Kh7 38. Qb7 Ra2+ 0-1

[Event "Napoli Greco Memorial"]
[Site "Napoli"]
[Date "2015.04.16"]
[Round "2"]
[White "Zinnai, Graziano Matteo"]
[Black "Solombrino, Giovanni"]
[Result "1/2-1/2"]
[WhiteElo "2110"]
[BlackElo "1819"]
[PlyCount "98"]
[EventDate "2015.04.09"]
[EventType "swiss"]
[EventRounds "6"]
[EventCountry "ITA"]
[SourceTitle "EXT 2017"]
[Source "ChessBase"]
[SourceDate "2016.10.25"]
[SourceVersion "1"]
[SourceVersionDate "2016.10.25"]
[SourceQuality "1"]

1. e4 c5 2. Nf3 Nc6 3. Bb5 g6 4. d4 cxd4 5. Nxd4 Bg7 6. Be3 Nf6 7. f3 0-0 8. c4 a6 9. Bxc6 bxc6 10. Nc3 Bb7 11. Qd2 d5 12. cxd5 cxd5 13. e5 Nd7 14. f4 e6 15. 0-0 Qe7 16. Rfe1 Rac8 17. Rac1 Nb8 18. Na4 Rxc1 19. Rxc1 Rc8 20. Nb3 Rxc1+ 21. Qxc1 Nc6 22. Nac5 Bf8 23. Nxa6 Bxa6 24. Qxc6 Qb4 25. Kf2 Bc4 26. Qb6 Bxb3 27. Qxb4 Bxb4 28. axb3 Kf8 29. Bd4 Ke8 30. Bc3 Bc5+ 31. Kf3 Kd7 32. g4 Kc6 33. f5 g5 34. b4 Bf8 35. Ke3 Kb5 36. Kd3 Bxb4 37. Bd4 Bc5 38. Bc3 Bg1 39. h3 Bh2 40. Bd4 Kb4 41. Bc3+ Kb5 42. b3 Bg3 43. Ke3 Bf4+ 44. Kd4 Bg3 45. Bd2 h6 46. Bc3 Bf4 47. Kd3 Bg3 48. Kd4 Bf2+ 49. Kd3 Bg3 1/2-1/2

[Event "Napoli Greco Memorial"]
[Site "Napoli"]
[Date "2015.04.09"]
[Round "1"]
[White "Condorelli, Pietro"]
[Black "Zinnai, Graziano Matteo"]
[Result "0-1"]
[WhiteElo "1677"]
[BlackElo "2110"]
[PlyCount "100"]
[EventDate "2015.04.09"]
[EventType "swiss"]
[EventRounds "6"]
[EventCountry "ITA"]
[SourceTitle "EXT 2017"]
[Source "ChessBase"]
[SourceDate "2016.10.25"]
[SourceVersion "1"]
[SourceVersionDate "2016.10.25"]
[SourceQuality "1"]

1. e4 c5 2. Nf3 a6 3. c3 d5 4. Be2 dxe4 5. Qa4+ Nc6 6. Qxe4 Nf6 7. Qc2 Bg4 8. 0-0 e6 9. h3 Bh5 10. d3 Bd6 11. Bg5 h6 12. Bxf6 Qxf6 13. Nbd2 Qe7 14. Ne4 Bc7 15. Ng3 Bg6 16. c4 0-0-0 17. Rfd1 Nd4 18. Nxd4 Rxd4 19. Qb3 Bxg3 20. fxg3 Rhd8 21. Rd2 Qg5 22. Rad1 Qxg3 23. Bf3 Qc7 24. a3 R8d6 25. Qc3 Qd8 26. Be2 e5 27. b4 Qc7 28. a4 Qb6 29. Rb2 e4 30. a5 Qc7 31. bxc5 Qxc5 32. Kh1 exd3 33. Bf3 Rd7 34. Qe1 Qe7 35. Qc3 Be4 36. Bxe4 Qxe4 37. Re1 Rxc4 38. Qd2 Qd5 39. Re8+ Rd8 40. Re7 Rc7 41. Rxc7+ Kxc7 42. Qf4+ Rd6 43. Rd2 f5 44. Qb4 Qe4 45. Qc3+ Kb8 46. Rd1 d2 47. Qg3 f4 48. Qc3 Rd3 49. Qxg7 Rxh3+ 50. Kg1 Qe1+ 0-1

[Event "Napoli Antica Scuola 3rd"]
[Site "Napoli"]
[Date "2015.01.15"]
[Round "5"]
[White "Zinnai, Graziano Matteo"]
[Black "Lombardo, Michele"]
[Result "1-0"]
[WhiteElo "2063"]
[BlackElo "2080"]
[PlyCount "53"]
[EventDate "2014.12.04"]
[EventType "swiss"]
[EventRounds "6"]
[EventCountry "ITA"]
[SourceTitle "EXT 2017"]
[Source "ChessBase"]
[SourceDate "2016.10.25"]
[SourceVersion "1"]
[SourceVersionDate "2016.10.25"]
[SourceQuality "1"]

1. e4 g6 2. d4 Bg7 3. Nf3 c6 4. c3 d5 5. Nbd2 Bg4 6. Bd3 e6 7. 0-0 Ne7 8. h3 Bxf3 9. Qxf3 Nd7 10. Re1 Qc7 11. Nf1 Nf6 12. Ng3 dxe4 13. Nxe4 Nxe4 14. Rxe4 a6 15. Bf4 Qb6 16. Bd6 Nf5 17. Bc5 Qc7 18. Re2 Ne7 19. Rae1 0-0 20. Bc4 Rae8 21. Qg4 h5 22. Qg5 b6 23. Ba3 Kh7 24. Bxe6 fxe6 25. Rxe6 Rf5 26. Qg3 Nd5 27. Qxg6+ 1-0

[Event "Napoli Antica Scuola 3rd"]
[Site "Napoli"]
[Date "2014.12.11"]
[Round "2"]
[White "Zinnai, Graziano Matteo"]
[Black "Schiappoli, Dario"]
[Result "1-0"]
[WhiteElo "2063"]
[BlackElo "1870"]
[PlyCount "69"]
[EventDate "2014.12.04"]
[EventType "swiss"]
[EventRounds "6"]
[EventCountry "ITA"]
[SourceTitle "EXT 2017"]
[Source "ChessBase"]
[SourceDate "2016.10.25"]
[SourceVersion "1"]
[SourceVersionDate "2016.10.25"]
[SourceQuality "1"]

1. e4 c5 2. c4 d6 3. Ne2 Bg4 4. h3 Bd7 5. g3 Nc6 6. Bg2 g6 7. 0-0 Bg7 8. Nbc3 Qc8 9. Kh2 h5 10. f4 Nh6 11. d3 h4 12. gxh4 Bf6 13. h5 Ng4+ 14. hxg4 Bxg4 15. Be3 Rxh5+ 16. Kg1 Nd4 17. Qd2 Bxe2 18. Nxe2 Qg4 19. Nxd4 cxd4 20. Bf2 0-0-0 21. Rfc1 Rdh8 22. Kf1 e5 23. Bg1 exf4 24. Qf2 Qe6 25. Bf3 Rg5 26. Ke2 Rh3 27. Bh2 Be5 28. Rg1 Qe7 29. Rxg5 Qxg5 30. Rg1 Qh6 31. Bg4+ f5 32. Bxh3 Qxh3 33. Bxf4 fxe4 34. dxe4 d3+ 35. Kd2 1-0

[Event "Napoli Parthenope op 6th"]
[Site "Napoli"]
[Date "2014.05.29"]
[Round "2"]
[White "Seletsky, Grigory"]
[Black "Zinnai, Graziano Matteo"]
[Result "1-0"]
[WhiteElo "2341"]
[BlackElo "2032"]
[PlyCount "93"]
[EventDate "2014.06.01"]
[EventType "swiss"]
[EventRounds "7"]
[EventCountry "ITA"]
[SourceTitle "EXT 2018"]
[Source "ChessBase"]
[SourceDate "2017.10.13"]
[SourceVersion "1"]
[SourceVersionDate "2017.10.13"]
[SourceQuality "1"]

1. d4 d5 2. c4 e6 3. Nc3 Nf6 4. Bg5 Be7 5. e3 0-0 6. cxd5 exd5 7. Bd3 c6 8. Qc2 Nbd7 9. Nge2 Re8 10. 0-0-0 Nf8 11. h3 Ne4 12. Bxe7 Qxe7 13. Bxe4 dxe4 14. g4 Ng6 15. Ng3 f5 16. gxf5 Nh4 17. Qxe4 Qxe4 18. Ncxe4 Nxf5 19. Nxf5 Rxe4 20. Nd6 Rh4 21. Rhg1 Be6 22. Nxb7 Bxa2 23. Rg4 Rh5 24. Nc5 Bf7 25. Rdg1 g6 26. h4 Bc4 27. Kd2 Rd8 28. Kc3 Be2 29. Rf4 Rf8 30. Rxf8+ Kxf8 31. Ne6+ Ke7 32. Nf4 Rxh4 33. Nxe2 Rh2 34. Nf4 Kf6 35. Nd3 Kf5 36. Ra1 h5 37. Rxa7 h4 38. Rf7+ Kg4 39. Ne5+ Kh3 40. Nxg6 Kg2 41. Rh7 Kxf2 42. Rxh4 Rxh4 43. Nxh4 Kxe3 44. Kc4 Kd2 45. b4 Ke3 46. Nf5+ Ke4 47. Nd6+ 1-0

[Event "Napoli Antica Scuola 2nd"]
[Site "Napoli"]
[Date "2014.03.20"]
[Round "3"]
[White "Baccelliere, Antonio"]
[Black "Zinnai, Graziano Matteo"]
[Result "0-1"]
[WhiteElo "1700"]
[BlackElo "2032"]
[PlyCount "72"]
[EventDate "2014.03.06"]
[EventType "swiss"]
[EventRounds "7"]
[EventCountry "ITA"]
[SourceTitle "EXT 2015"]
[Source "ChessBase"]
[SourceDate "2014.11.20"]
[SourceVersion "1"]
[SourceVersionDate "2014.11.20"]
[SourceQuality "1"]

1. e4 e6 2. d4 d5 3. exd5 exd5 4. Bd3 Bd6 5. Ne2 Nf6 6. Bf4 0-0 7. 0-0 Bg4 8. f3 Bh5 9. Qd2 Bg6 10. Nbc3 Bxd3 11. cxd3 c6 12. Rfe1 Re8 13. Ng3 Bxf4 14. Qxf4 Nbd7 15. b4 Qb6 16. a3 Nf8 17. Nf5 Ng6 18. Qg5 Qc7 19. h4 Qf4 20. Ne7+ Rxe7 21. Rxe7 Qxd4+ 22. Re3 Qxc3 23. Rae1 h6 24. Qg3 d4 25. R3e2 Nh5 26. Qg4 Nf6 27. Qg3 Qxd3 28. Qc7 Qb5 29. Kf2 Qb6 30. Qxb6 axb6 31. Rd2 c5 32. Rb1 Rxa3 33. bxc5 bxc5 34. Rxb7 Rc3 35. g3 Ne5 36. Rb8+ Kh7 0-1

[Event "Napoli Province-ch"]
[Site "Napoli"]
[Date "2014.01.30"]
[Round "7"]
[White "Capozzoli, Silvio"]
[Black "Zinnai, Graziano Matteo"]
[Result "0-1"]
[WhiteElo "1746"]
[BlackElo "2039"]
[PlyCount "48"]
[EventDate "2013.12.05"]
[EventType "swiss"]
[EventRounds "7"]
[EventCountry "ITA"]
[SourceTitle "EXT 2015"]
[Source "ChessBase"]
[SourceDate "2014.11.20"]
[SourceVersion "1"]
[SourceVersionDate "2014.11.20"]
[SourceQuality "1"]

1. d4 d5 2. Nf3 Nf6 3. c4 e6 4. Nc3 c6 5. Qc2 Nbd7 6. a3 Bd6 7. e4 dxe4 8. Nxe4 Be7 9. Bg5 0-0 10. Rd1 Re8 11. Bd3 h6 12. Bh4 Nxe4 13. Bxe7 Qxe7 14. Bxe4 f5 15. Bd3 e5 16. dxe5 Nxe5 17. Nxe5 Qxe5+ 18. Qe2 Qa5+ 19. b4 Rxe2+ 20. Bxe2 Qc7 21. 0-0 Be6 22. Rfe1 Rd8 23. Bd3 Qf7 24. Re3 Bxc4 0-1

[Event "Napoli Province-ch"]
[Site "Napoli"]
[Date "2014.01.09"]
[Round "4"]
[White "Zinnai, Graziano Matteo"]
[Black "Baccelliere, Antonio"]
[Result "1-0"]
[WhiteElo "2039"]
[BlackElo "1677"]
[PlyCount "77"]
[EventDate "2013.12.05"]
[EventType "swiss"]
[EventRounds "7"]
[EventCountry "ITA"]
[SourceTitle "EXT 2015"]
[Source "ChessBase"]
[SourceDate "2014.11.20"]
[SourceVersion "1"]
[SourceVersionDate "2014.11.20"]
[SourceQuality "1"]

1. e4 e5 2. Nf3 Nc6 3. d3 d6 4. c3 Nf6 5. b4 a6 6. Bb2 Be7 7. Be2 0-0 8. 0-0 d5 9. Nbd2 dxe4 10. dxe4 Be6 11. Qc2 Bd6 12. a3 Qe7 13. c4 b6 14. Rac1 Nd7 15. Rfd1 Rfd8 16. Nf1 Qf6 17. Ne3 Ne7 18. Ne1 a5 19. Nd3 axb4 20. axb4 Ng6 21. c5 bxc5 22. bxc5 Bf8 23. Nd5 Bxd5 24. exd5 Nf4 25. c6 Nxd3 26. Bxd3 Nb6 27. Bxh7+ Kh8 28. Rd3 g6 29. Rh3 Kg7 30. f4 Qxf4 31. Rf1 Qg5 32. Rg3 Qe7 33. Rxg6+ Kxh7 34. Re6+ Kg8 35. Rxe7 Bxe7 36. Qf5 f6 37. Qe6+ Kf8 38. Bc1 Ke8 39. Rxf6 1-0

[Event "Napoli Province-ch"]
[Site "Napoli"]
[Date "2013.12.05"]
[Round "1"]
[White "Franzese, Luigi"]
[Black "Zinnai, Graziano Matteo"]
[Result "0-1"]
[WhiteElo "1874"]
[BlackElo "2039"]
[PlyCount "76"]
[EventDate "2013.12.05"]
[EventType "swiss"]
[EventRounds "7"]
[EventCountry "ITA"]
[SourceTitle "EXT 2015"]
[Source "ChessBase"]
[SourceDate "2014.11.20"]
[SourceVersion "1"]
[SourceVersionDate "2014.11.20"]
[SourceQuality "1"]

1. d4 d5 2. Nf3 Nf6 3. c4 e6 4. e3 c6 5. Nc3 Nbd7 6. a3 Bd6 7. cxd5 exd5 8. Bd3 0-0 9. 0-0 Re8 10. b4 a6 11. Qc2 Nf8 12. h3 Ng6 13. Bd2 Qe7 14. Na4 Qc7 15. Rac1 Ne4 16. Nc5 f5 17. Rce1 Qe7 18. Bc1 Nh4 19. Be2 Nxf3+ 20. Bxf3 Qh4 21. Nd3 g5 22. Ne5 Re6 23. Bxe4 fxe4 24. f3 Bxe5 25. dxe5 exf3 26. Rxf3 Qxe1+ 27. Kh2 Rxe5 28. Bb2 Rf5 29. Rxf5 Bxf5 30. Qxf5 Qxe3 31. Be5 Re8 32. Bd6 d4 33. Qd7 Qe6 34. Qc7 Rc8 35. Qxb7 Qxd6+ 36. g3 Re8 37. Qxa6 Qe6 38. Qb6 Qa2+ 0-1

[Event "Napoli Porreca Memorial 3rd"]
[Site "Napoli"]
[Date "2013.10.24"]
[Round "5"]
[White "Zinnai, Graziano Matteo"]
[Black "Buiano, Fabio"]
[Result "1-0"]
[WhiteElo "2034"]
[BlackElo "2024"]
[PlyCount "155"]
[EventDate "2013.09.26"]
[EventType "swiss"]
[EventRounds "7"]
[EventCountry "ITA"]
[SourceTitle "EXT 2015"]
[Source "ChessBase"]
[SourceDate "2014.11.20"]
[SourceVersion "1"]
[SourceVersionDate "2014.11.20"]
[SourceQuality "1"]

1. e4 d6 2. d4 Nf6 3. Bd3 e5 4. c3 d5 5. dxe5 Nxe4 6. Bxe4 dxe4 7. Qxd8+ Kxd8 8. Bf4 Bf5 9. Ne2 Nd7 10. Ng3 Bg6 11. Nd2 Nc5 12. 0-0 Nd3 13. Bg5+ Kc8 14. Ndxe4 Nxb2 15. f4 h5 16. f5 h4 17. Ne2 Bh5 18. Nd4 Nd3 19. e6 f6 20. Bxh4 Be2 21. Nxe2 Rxh4 22. N2g3 b6 23. Rad1 Ne5 24. Rd4 Kb7 25. Nd6+ Bxd6 26. Rxh4 Bc5+ 27. Kh1 Rd8 28. Rh7 Ng4 29. Ne4 Ne3 30. Nxc5+ bxc5 31. Rb1+ Kc6 32. Rxg7 Nxf5 33. Rf7 Rh8 34. Rxf6 Ng3+ 35. Kg1 Ne2+ 36. Kf2 Nxc3 37. Re1 Re8 38. e7+ Kd7 39. Rf4 Nxa2 40. Ra4 Nb4 41. Rd1+ Kc6 42. Rxa7 Rxe7 43. g4 c4 44. Ra3 Nd3+ 45. Rdxd3 cxd3 46. Rxd3 Kb5 47. Rd8 c5 48. Rc8 c4 49. g5 Kb4 50. h4 c3 51. Kf3 Kb3 52. g6 c2 53. h5 Rd7 54. h6 Rd3+ 55. Ke4 Rc3 56. Rxc3+ Kxc3 57. h7 c1Q 58. h8Q+ Kb4 59. Qd4+ Ka5 60. Qd8+ Ka4 61. Qa8+ Kb4 62. Qb7+ Ka5 63. Qd5+ Ka4 64. Qd4+ Ka5 65. g7 Qh1+ 66. Ke5 Qh5+ 67. Ke6 Qe8+ 68. Kf6 Qc6+ 69. Ke7 Qb7+ 70. Qd7 Qe4+ 71. Kf8 Qf3+ 72. Ke8 Qh5+ 73. Kd8 Qh4+ 74. Kc8 Ka6 75. Qc6+ Ka5 76. Qc3+ Kb6 77. Qb3+ Ka7 78. Qb7# 1-0

[Event "Montesilvano Adriatico op 3rd"]
[Site "Montesilvano"]
[Date "2013.09.21"]
[Round "3"]
[White "Altini, Nicola"]
[Black "Zinnai, Graziano Matteo"]
[Result "1-0"]
[WhiteElo "2382"]
[BlackElo "2034"]
[PlyCount "63"]
[EventDate "2013.09.20"]
[EventType "swiss"]
[EventRounds "5"]
[EventCountry "ITA"]
[SourceTitle "EXT 2015"]
[Source "ChessBase"]
[SourceDate "2014.11.20"]
[SourceVersion "1"]
[SourceVersionDate "2014.11.20"]
[SourceQuality "1"]

1. d4 Nf6 2. c4 d6 3. Nf3 Nbd7 4. Nc3 e5 5. e4 c6 6. g3 Be7 7. Bg2 0-0 8. 0-0 Re8 9. d5 Nc5 10. Ne1 Bf8 11. Nd3 Nxd3 12. Qxd3 c5 13. Rb1 a6 14. b4 b6 15. bxc5 bxc5 16. Bd2 Bd7 17. f4 exf4 18. gxf4 g6 19. Ne2 Rb8 20. Rxb8 Qxb8 21. Bc3 Bg7 22. Ng3 Qc8 23. f5 Ng4 24. Bxg7 Kxg7 25. Qf3 Ne5 26. Qf4 Qd8 27. f6+ Kh8 28. Qg5 Rg8 29. Rf4 Qf8 30. Rh4 Bc8 31. h3 Bd7 32. Rh6 1-0

[Event "Campobasso op 20th"]
[Site "Campobasso"]
[Date "2013.08.04"]
[Round "5"]
[White "Zinnai, Graziano Matteo"]
[Black "Palladino, Andrea"]
[Result "1-0"]
[WhiteElo "2021"]
[BlackElo "1965"]
[PlyCount "101"]
[EventDate "2013.08.02"]
[EventType "swiss"]
[EventRounds "6"]
[EventCountry "ITA"]
[SourceTitle "EXT 2015"]
[Source "ChessBase"]
[SourceDate "2014.11.20"]
[SourceVersion "1"]
[SourceVersionDate "2014.11.20"]
[SourceQuality "1"]

1. e4 e5 2. Nf3 Nc6 3. d3 Nf6 4. c3 d5 5. Nbd2 Bc5 6. b4 Bd6 7. Bb2 a5 8. b5 Ne7 9. exd5 Nexd5 10. g3 0-0 11. Nc4 Re8 12. Nxd6 Qxd6 13. Be2 Bf5 14. 0-0 Rad8 15. d4 exd4 16. Nxd4 Bg6 17. Bf3 Ne4 18. Rc1 Ng5 19. Bg2 Be4 20. f3 Bg6 21. Qd2 Ne6 22. f4 Nc5 23. f5 Bh5 24. Qg5 Nf6 25. c4 Nd3 26. Ne6 Rxe6 27. fxe6 Nxb2 28. Rxf6 Qd4+ 29. Rf2 Nd3 30. Rcf1 Nxf2 31. Rxf2 Qd1+ 32. Rf1 Qd4+ 33. Kh1 Bg6 34. exf7+ Bxf7 35. Bxb7 Bxc4 36. Re1 Rf8 37. Be4 Bxa2 38. Qh4 g6 39. Qg5 Qd6 40. Bg2 Bc4 41. h4 Rf5 42. Qe3 Bxb5 43. g4 Rf8 44. Qb3+ Kg7 45. Qxb5 Qf6 46. g5 Qd6 47. Qb2+ Kg8 48. Qb3+ Kg7 49. Qc3+ Kg8 50. Qc4+ Kg7 51. Re6 1-0

[Event "Napoli Antica Scuola 1st"]
[Site "Napoli"]
[Date "2013.03.21"]
[Round "5"]
[White "Zinnai, Graziano Matteo"]
[Black "Seletsky, Grigory"]
[Result "0-1"]
[WhiteElo "2040"]
[BlackElo "2337"]
[PlyCount "122"]
[EventDate "2013.02.21"]
[EventType "swiss"]
[EventRounds "7"]
[EventCountry "ITA"]
[SourceTitle "EXT 2014"]
[Source "ChessBase"]
[SourceDate "2013.11.20"]
[SourceVersion "1"]
[SourceVersionDate "2013.11.20"]
[SourceQuality "1"]

1. e4 c5 2. Nf3 d6 3. c3 Nf6 4. Bd3 Nc6 5. Bc2 Bg4 6. d3 g6 7. Nbd2 Bg7 8. h3 Bxf3 9. Nxf3 0-0 10. 0-0 b5 11. Be3 Nd7 12. Qd2 b4 13. Bh6 bxc3 14. bxc3 Qa5 15. Bxg7 Kxg7 16. Bb3 e6 17. Rfd1 Rad8 18. Rac1 Nb6 19. d4 c4 20. Bc2 e5 21. Nh4 h6 22. d5 Nb8 23. f4 N8d7 24. f5 Qc5+ 25. Kh1 Nf6 26. Rf1 Nh5 27. Kh2 Nd7 28. g3 Rb8 29. Rb1 Rxb1 30. Rxb1 Rb8 31. Rxb8 Nxb8 32. Kg2 Qa3 33. fxg6 fxg6 34. Bd1 Nf6 35. Be2 Nbd7 36. Bxc4 Nc5 37. Qc2 Nfxe4 38. Nxg6 Kxg6 39. Bd3 Qa4 40. Qxa4 Nxa4 41. Bxe4+ Kf6 42. c4 Nc3 43. Bc2 Nxa2 44. Kf3 Nb4 45. Bd1 Nd3 46. Ke3 Nc5 47. Bc2 a5 48. h4 a4 49. Kd2 h5 50. Kc3 a3 51. Bd1 Ne4+ 52. Kb3 a2 53. Kb2 Nxg3 54. Kxa2 e4 55. Kb2 e3 56. Bxh5 Nxh5 57. Kc3 Nf4 58. h5 Nxh5 59. Kd3 Ke5 60. Kxe3 Nf4 61. Kf3 Nd3 0-1

[Event "Napoli Antica Scuola 1st"]
[Site "Napoli"]
[Date "2013.03.07"]
[Round "3"]
[White "Zinnai, Graziano Matteo"]
[Black "Schiappoli, Dario"]
[Result "1/2-1/2"]
[WhiteElo "2040"]
[BlackElo "1922"]
[PlyCount "145"]
[EventDate "2013.02.21"]
[EventType "swiss"]
[EventRounds "7"]
[EventCountry "ITA"]
[SourceTitle "EXT 2014"]
[Source "ChessBase"]
[SourceDate "2013.11.20"]
[SourceVersion "1"]
[SourceVersionDate "2013.11.20"]
[SourceQuality "1"]

1. e4 c5 2. Nf3 d6 3. c3 Nf6 4. Be2 Bd7 5. d3 g6 6. 0-0 Bg7 7. Nbd2 Qc7 8. Re1 Bc6 9. Nf1 0-0 10. Ng3 Nbd7 11. Qc2 Rfc8 12. h3 Rab8 13. Be3 b5 14. Rac1 Qb7 15. Qd2 c4 16. Nd4 cxd3 17. Nxc6 Rxc6 18. Qxd3 Ne5 19. Qc2 Nfd7 20. Bd4 b4 21. Qd2 bxc3 22. Bxc3 Nb6 23. b3 Rbc8 24. Bb2 Qc7 25. Bb5 Rc2 26. Rxc2 Qxc2 27. Re2 Qb1+ 28. Kh2 Qxa2 29. f4 Qxb3 30. Ba6 Nec4 31. Qc2 Qxc2 32. Rxc2 Rc5 33. Bc1 Na5 34. Rxc5 dxc5 35. Be3 Bd4 36. Bc1 Nb3 37. Ba3 c4 38. Bxe7 Nc5 39. Bb5 c3 40. Ne2 Be3 41. Nxc3 Bxf4+ 42. g3 Be3 43. Kg2 Bd4 44. Ne2 Ne6 45. Nxd4 Nxd4 46. Bd3 Nc6 47. Bc5 Nd7 48. Be3 Nde5 49. Bb5 Kf8 50. Bc5+ Kg7 51. Kf2 Kf6 52. g4 a5 53. Kg3 Ke6 54. Ba4 Nd3 55. Be3 Kd6 56. Kh4 f6 57. Bd2 Nc5 58. Bc2 Nd4 59. Bd1 a4 60. Bb4 Ndb3 61. g5 fxg5+ 62. Kxg5 Ke5 63. Kh6 Nxe4 64. Kxh7 g5 65. Kg6 Nf2 66. Bg4 Nxg4 67. hxg4 Kf4 68. Kh5 Nd4 69. Bd6+ Ke4 70. Kxg5 Nf3+ 71. Kf6 Kd5 72. Ba3 Ke4 73. Bb4 1/2-1/2

[Event "Napoli Porreca Memorial 2nd"]
[Site "Napoli"]
[Date "2012.10.18"]
[Round "5"]
[White "Zinnai, Graziano Matteo"]
[Black "De Rosa, Francesco"]
[Result "1-0"]
[WhiteElo "2008"]
[BlackElo "1933"]
[PlyCount "99"]
[EventDate "2012.09.20"]
[EventType "swiss"]
[EventRounds "7"]
[EventCountry "ITA"]
[SourceTitle "EXT 2014"]
[Source "ChessBase"]
[SourceDate "2013.11.20"]
[SourceVersion "1"]
[SourceVersionDate "2013.11.20"]
[SourceQuality "1"]

1. e4 c5 2. Nf3 e6 3. d3 Nc6 4. c3 g6 5. g3 Bg7 6. Qe2 d6 7. Bg2 Nge7 8. 0-0 0-0 9. Nbd2 Qc7 10. Re1 Rb8 11. a4 a6 12. Nb3 e5 13. Be3 Be6 14. Qc2 b5 15. axb5 axb5 16. Ng5 Bxb3 17. Qxb3 b4 18. Qc2 h6 19. Nf3 Rb7 20. Nd2 Rfb8 21. Nc4 Kh7 22. Qe2 bxc3 23. bxc3 Rb3 24. Qc2 f5 25. Reb1 Rxb1+ 26. Rxb1 Rxb1+ 27. Qxb1 fxe4 28. dxe4 Nc8 29. Bh3 Bf8 30. f4 exf4 31. gxf4 Bg7 32. Qd3 N6e7 33. f5 gxf5 34. exf5 Kh8 35. Bf4 Qa7 36. Qe3 Qa1+ 37. Kg2 Qa2+ 38. Nd2 Qg8 39. Bg3 Nd5 40. Qf3 Be5 41. Ne4 Nf4+ 42. Kh1 Nxh3 43. Bxe5+ dxe5 44. Qxh3 Qf8 45. f6 Nb6 46. Qh5 Nc4 47. Qg6 Ne3 48. h3 c4 49. Kh2 Nd5 50. Nd6 1-0

[Event "Napoli Porreca Memorial 2nd"]
[Site "Napoli"]
[Date "2012.10.04"]
[Round "3"]
[White "Zinnai, Graziano Matteo"]
[Black "Ambrosio, Giuseppe"]
[Result "1/2-1/2"]
[WhiteElo "2008"]
[BlackElo "2084"]
[PlyCount "127"]
[EventDate "2012.09.20"]
[EventType "swiss"]
[EventRounds "7"]
[EventCountry "ITA"]
[SourceTitle "EXT 2014"]
[Source "ChessBase"]
[SourceDate "2013.11.20"]
[SourceVersion "1"]
[SourceVersionDate "2013.11.20"]
[SourceQuality "1"]

1. e4 c5 2. Nf3 Nc6 3. d3 g6 4. c3 Bg7 5. g3 e6 6. Qe2 Nge7 7. Bg2 0-0 8. 0-0 d5 9. e5 b6 10. Bf4 Bb7 11. Nbd2 Rc8 12. Rfe1 a6 13. h4 b5 14. b3 Nf5 15. Nf1 b4 16. cxb4 cxb4 17. Qd2 Qb6 18. N1h2 Ncd4 19. Nxd4 Qxd4 20. Ng4 Rc3 21. Bf1 Rfc8 22. Rac1 Qc5 23. Qb2 d4 24. Bg2 Bxg2 25. Kxg2 Ne3+ 26. Bxe3 dxe3 27. Rxc3 bxc3 28. Qe2 exf2 29. Qxf2 c2 30. Qxc5 Rxc5 31. Rc1 h5 32. Nf6+ Kh8 33. Ne4 Bh6 34. Ng5 Bxg5 35. hxg5 Rxe5 36. Rxc2 Rxg5 37. Kf3 Kg7 38. d4 a5 39. a3 Rd5 40. Ke4 f5+ 41. Ke3 Kf6 42. b4 axb4 43. axb4 Rb5 44. Rb2 Kg5 45. Kf3 h4 46. gxh4+ Kxh4 47. Rb1 Kg5 48. Rb2 Kf6 49. Rb1 g5 50. Rb2 Ke7 51. Ke3 Kd6 52. Rg2 g4 53. Rb2 Kd5 54. Kd3 f4 55. Re2 Rxb4 56. Re5+ Kd6 57. Rg5 g3 58. Ke4 Ke7 59. Kxf4 Rxd4+ 60. Kxg3 Kf6 61. Rb5 Rd5 62. Rxd5 exd5 63. Kf2 Ke5 64. Ke3 1/2-1/2